000 00516nam a2200181 i 4500
001 49555
003 ES-MaACL
005 20251014063114.0
007 t|
008 030717s1871 po ||||1| spa d
100 1 _aGoodolphim, José Cipriano da Costa,
_d1842-1910
_941097
245 1 0 _aVisita a Madrid /
_cCosta Goodolphim.
260 _aLisboa :
_b[s.n.],
_c1871 (
_fTyp. universal)
300 _a83 p. ;
_c24 cm.
852 _aES-MaACL
_jG-6949
852 _aES-MaACL
_jB-3939
999 _c49555
_d49555